Szczegóły MARC21

Polska edukacja muzyczna wobec przemian systemowych : materiały przedstawione na Ogólnopolskim Forum w Poznaniu, 4-6 czerwca 1997 r. /

003 -Nazwa inst., której nr kontr. jest w polu 001 [,]
    • @
    • Nazwa instytucji, której n kontrolny jest w polu 001
    • NUKAT
005 -DATA I CZAS OSTATNIEJ MODYFIKACJI [,]
    • @
    • pole kontrolne
    • 20241231113906.0
020 -Międzynarod. znormalizowany nr książki - ISBN [ , ]
    • a
    • Numer ISBN
    • 8370631959 Find
040 -Instytucja sporządzająca opis [ , ]
    • a
    • Instytucja, która sporządziła opis (NP)
    • KR 296/UZ
    • c
    • Instytucja, która sporządziła rekord (NP)
    • KR 296/UZ
    • d
    • Instytucja, która zmodyfikowała rekord (P)
    • KR 296/UZ
942 -Rodzaj dokumentu [ , ]
    • c
    • Rodzaj dokumentu
    • Książka
245 -Strefa tytułu i oznaczenia odpowiedzialności [0,0]
    • a
    • Tytuł
    • Polska edukacja muzyczna wobec przemian systemowych : Find
    • b
    • Ciąg dalszy tytułu (NP)
    • materiały przedstawione na Ogólnopolskim Forum w Poznaniu, 4-6 czerwca 1997 r. / Find
    • c
    • Pozostałe elementy strefy tytułu i oznaczenia odpowiedzialności (NP)
    • pod red. Macieja Jabłońskiego i Jana Stęszewskiego ; Poznańskie Towarzystwo Przyjaciół Nauk. Wydział Nauk o Sztuce ; Zakład Muzykologii Instytutu Historii Sztuki Uniwersytetu im. Adama Mickiewicza w Poznaniu.
246 -Wariant tytułu [1,5]
    • a
    • Tytuł (NP)
    • Music education in Poland :
    • b
    • Ciąg dalszy tytułu (NP)
    • conference report, Poznań, June 4-6, 1997
260 -Strefa adresu wydawniczego [ , ]
    • a
    • Miejsce wydania (P)
    • Poznań :
    • b
    • Nazwa wydawcy (P)
    • Wydaw. PTPN,
    • c
    • Data wydania (P)
    • 1997.
300 -Strefa opisu fizycznego [ , ]
    • a
    • Określenie formy książki i/lub objętość (NP)
    • 141, [3] s. ;
    • c
    • Format (NP)
    • 24 cm.
336 -Typ zawartości [ , ]
    • a
    • Termin opisujący typ zawartości
    • Tekst
    • b
    • Kod określający zawartość
    • txt
    • 2
    • Źródło (terminu i kodu)
    • rdacontent
337 -Typ mediów [ , ]
    • a
    • Tryb odtwarzania
    • Bez urządzenia pośredniczącego
    • b
    • Kod typu mediów
    • n
    • 2
    • Źródło (terminu i kodu)
    • rdamedia
338 -Typ/rodzaj nośnika [ , ]
    • a
    • Hasło opisujące typ nośnika
    • Wolumin
    • b
    • Kod typu nośnika
    • nc
    • 2
    • Źródło (terminu i kodu)
    • rdacarrier
490 -Strefa serii i książki wielotomowej - forma nie do wyszukiwania [1, ]
    • a
    • Tytuł (P)
    • Prace Komisji Muzykologicznej / Poznańskie Towarzystwo Przyjaciół Nauk. Wydział Nauk o Sztuce, Find
    • x
    • ISSN (NP)
    • 1230-0187 ;
    • v
    • Numeracja (P)
    • t. 7
830 -Hasło dodatkowe serii i opisu książki wielotomowej - tytuł ujednolicony/tytuł [ ,0]
    • a
    • Tytuł ujednolicony/tytuł (NP)
    • Prace Komisji Muzykologicznej - Poznańskie Towarzystwo Przyjaciół Nauk
    • x
    • ISSN
    • 1230-0187
    • v
    • Oznaczenie tomu (NP)
    • t. 7
    • 9
    • KHW
    • 533379
504 -Uwaga dot. bibliogr. załącznikowej [ , ]
    • a
    • Uwaga dot. bibliografii załącznikowej
    • Bibliogr. przy ref.
080 -Uniwersalna Klasyfikacja Dziesiętna [ , ]
    • a
    • Symbol klasyfikacji
    • 372.878(438)"1989/..."
080 -Uniwersalna Klasyfikacja Dziesiętna [ , ]
    • a
    • Symbol klasyfikacji
    • :37.036(438)"1989/..."
080 -Uniwersalna Klasyfikacja Dziesiętna [ , ]
    • a
    • Symbol klasyfikacji
    • :78(438)"1989/..."
650 -Hasło przedmiotowe [ ,7]
    • a
    • Hasło przedmiotowe
    • Muzyka
    • x
    • Określnik rzeczowy
    • studia i nauczanie
    • z
    • Określnik geograficzny
    • Polska
    • y
    • Określnik chronologiczny
    • 1990-
    • v
    • Określnik formalny
    • konferencje.
    • 2
    • Źródło terminu
    • kaba
    • 9
    • KHW
    • 483994
980 -Symbol UKD [ , ]
    • a
    • UKD
    • 372.878:37.036:78](438)"1989/..."
700 -Hasło dodatkowe - nazwa osobowa [1, ]
    • a
    • Nazwa osobowa (NP)
    • Jabłoński, Maciej Find
    • d
    • Daty biograficzne (NP)
    • (1962-2017).
    • e
    • Określenie rodzaju współpracy
    • Red.
    • 9
    • KHW
    • 60916
700 -Hasło dodatkowe - nazwa osobowa [1, ]
    • a
    • Nazwa osobowa (NP)
    • Stęszewski, Jan Find
    • d
    • Daty biograficzne (NP)
    • (1929-2016).
    • e
    • Określenie rodzaju współpracy
    • Red.
    • 9
    • KHW
    • 60918
710 -Hasło dodatkowe - nazwa ciała zbiorowego [2, ]
    • a
    • Nazwa ciała zbiorowego lub nazwa geograficzna jako pierwszy element (NP)
    • Poznańskie Towarzystwo Przyjaciół Nauk.
    • b
    • Nazwa jednostki podrzędnej (P)
    • Wydawnictwo.
    • 4
    • Kod relacji
    • pbl
    • 9
    • KHW
    • 61250
920 -ISBN [ , ]
    • a
    • ISBN
    • 83-7063-195-9 Find
Lokalizacja Status udost. Data inwentaryzacji Numer inwentarzowy
BG12000-04-12Pd.13091
BNS12000-04-12H.8723